Paroles : Orly - Jacques Brel - Statistiques

Statistiques générales
  • Ce quiz a été pris 101 fois
  • Le résultat moyen est 282 sur 398
Statistiques - réponses
Paroles % Correct
a
100%
à
100%
le
100%
Que
100%
que
100%
sa
100%
se
100%
Se
100%
de
98%
De
98%
Et
98%
Il
98%
il
98%
"il"
98%
Ils
98%
ils
98%
La
98%
la
98%
98%
Ces
95%
ces
95%
je
95%
"Je
95%
Je
95%
ne
95%
Orly
95%
ou
95%
sans
95%
Sans
95%
Avec
93%
deux
93%
dimanche
93%
Elle
93%
elle
93%
les
93%
qui
93%
Qui
93%
sont
93%
c'est
91%
plus
91%
triste
91%
vois
91%
Ça
88%
mille
88%
qu'eux
88%
t'aime"
88%
en
86%
lui
86%
Dieu
84%
par
84%
pas
84%
dire
81%
vie
81%
pleure
79%
pour
79%
Bécaud
77%
des
77%
être
77%
fait
77%
l'autre
77%
l'un
77%
qu'ils
77%
Tout
77%
cadeau
74%
doit
74%
rien
72%
soudé
72%
trop
72%
bouillons
70%
est
70%
gros
70%
malhonnêtes
70%
promettre
70%
puis
70%
semble-t-il
70%
train
70%
y
70%
crois
65%
disais
65%
nom
65%
pluie
65%
l'heure
63%
lorsque
63%
Mais
63%
retourne
63%
tous
63%
un
63%
c'était
60%
deux-là
60%
pleurent
60%
sais
60%
ans
58%
du
58%
maigres
58%
Bouffé
56%
veux
56%
l'escalier
53%
parlent
53%
disparaît
51%
reste
51%
mot
49%
cri
44%
encore
44%
maintenant
44%
sanglots
44%
aux
42%
juger
42%
retourner
42%
séparent
42%
Voilà
42%
voilà
42%
bras
40%
dit
40%
foule
40%
sueur
40%
vous
40%
crient
37%
entourés
37%
l'amour
37%
L'amour
37%
nez
37%
sait
37%
seul
37%
yeux
37%
bouche
35%
chiens
35%
Comme
35%
déchirent
35%
hommes
35%
montrent
35%
perd
35%
Abandonnent
33%
n'entendent
33%
ouverte
33%
vient
33%
bouffeurs
30%
Cœur
30%
croix
30%
d'espoir
30%
jure
30%
lentement
30%
L'exploit
30%
perdu
30%
Ses
30%
Superbes
30%
chagrin
28%
corps
28%
déchirés
28%
infiniment
28%
Infiniment
28%
mort
28%
séparant
28%
tiennent
28%
connaît
26%
projets
26%
vivra
26%
consomme
23%
l'adieu
23%
mots
23%
qu'elle
23%
Qu'elle
23%
reprennent
23%
retire
23%
sur
23%
vont
23%
croiser
21%
fruit
21%
fuit
21%
Fuit
21%
jusqu'à
21%
lumière
21%
mer
21%
quelques
21%
re-déchirent
21%
Redeviennent
21%
"Revoilà
21%
revoilà
21%
suis
21%
terre
21%
toujours
21%
bave
19%
brusquement
19%
d'adipeux
19%
feu
19%
prient
19%
qu'attendre
19%
quelconque
19%
tourne
19%
feront
16%
grignote
16%
n'ose
16%
porte
16%
déjà
14%
encastrés
14%
l'inutile"
14%
refermée
14%
tournera
14%
Avant
12%
elle-même
12%
reculant
12%
d'être
9%
fragile
9%
vendre
9%
Aucun quiz correspondant
Distribution des résultats
% des personnes avec chaque résultat
Percentile par nombre de réponses
Votre historique - résultats
Vous n’avez pas pris ce quiz